Name all chocolate candy Quiz Stats

 Plays Quiz not verified by Sporcle

Score 0/11 Timer 05:00
0 Plays Today
% Correct
Hershey
86.3%
Snickers
70.1%
Milky way
58.5%
M&Ms
46.9%
3 Musketeer
29.9%
Reese's peanut buttercup
27%
Butter fingers
23.2%
Mounds
22.4%
Kitkats
14.9%
Hershey kisses
13.7%
Tootsie rolls
5.8%

You're not logged in!

Compare scores with friends on all Sporcle quizzes.
OR
Log In

Sporcle TV

Today on Sporcle TV


Watch our educational content, quiz creation guides, and fun videos on Sporcle TV.

Show Comments

Extras

Created Nov 28, 2010ReportNominate
Tags:candy, chocolate

Top Quizzes Today


Score Distribution

Your Account Isn't Verified!

In order to create a playlist on Sporcle, you need to verify the email address you used during registration. Go to your Sporcle Settings to finish the process.

Report this User

Report this user for behavior that violates our Community Guidelines.

Details: